000 00746nas a2200241 4500
001 BR0904631
003 BR-BrBNA
005 20231205113335.0
007 ta
008 230509b bl.|||p| |||| 00| 00por d
040 _aBR-BrBNA
_bpor
_cBiblioteca Nacional de Agricultura
041 _a(Pt)
072 _aE10
100 1 _aOliveira, E.R. de
100 1 _aMoura Filho, J.A. de
245 1 _aDesenvolvimento local e sustentabilidade: cidadania em construção
650 _aCIDADANIA
650 _aSUSTENTABILIDADE
650 _aCONSTRUÇÃO
773 0 _tOrganização Rurais e Agroindustriais (Brazil)
_xISSN 1517-3879
_g(Jan-Jun 2002), v. 4(1) p. 15-24
_wBR0904631
909 _a202311
_bLúcia
_c55
_dLúcia Elande
942 _2AGRIS
_n0
_cANA
999 _c203240
_d203240